| 000 | 01131cam a22002294a 4500 | ||
|---|---|---|---|
| 005 | 20250806130947.0 | ||
| 008 | 250528s ||||||||||||||||||||||||d | ||
| 035 | _a21741 | ||
| 020 | _a9789602183977 | ||
| 040 |
_aGR-AtMCL _bgre _dGR-AtMCL _eAACR2 |
||
| 245 | 1 | _aΣΤΟΙΧΕΙΑ ΘΕΩΡΙΑΣ ΥΠΟΛΟΓΙΣΜΟΥ | |
| 250 | _a1 | ||
| 260 |
_bΚριτική, _c2005 |
||
| 300 | _a503 | ||
| 505 | 0 | _aΣΥΝΟΛΑ, ΣΧΕΣΕΙΣ ΚΑΙ ΓΛΩΣΣΕΣ ΠΕΠΕΡΑΣΜΕΝΑ ΑΥΤΟΜΑΤΑ ΓΛΩΣΣΕΣ ΧΩΡΙΣ ΣΥΜΦΡΑΖΟΜΕΝΑ ΜΗΧΑΝΕΣ TURING ΜΗ ΕΠΙΛΥΣΙΜΟΤΗΤΑ ΥΠΟΛΟΓΙΣΤΙΚΗ ΠΟΛΥΠΛΟΚΟΤΗΤΑ NP ΠΛΗΡΟΤΗΤΑ | |
| 520 | _aΣΥΝΟΛΑ, ΣΧΕΣΕΙΣ ΚΑΙ ΓΛΩΣΣΕΣ ΠΕΠΕΡΑΣΜΕΝΑ ΑΥΤΟΜΑΤΑ ΓΛΩΣΣΕΣ ΧΩΡΙΣ ΣΥΜΦΡΑΖΟΜΕΝΑ ΜΗΧΑΝΕΣ TURING ΜΗ ΕΠΙΛΥΣΙΜΟΤΗΤΑ ΥΠΟΛΟΓΙΣΤΙΚΗ ΠΟΛΥΠΛΟΚΟΤΗΤΑ NP ΠΛΗΡΟΤΗΤΑ | ||
| 700 | 1 |
_aLewis, Harry R. _94747 |
|
| 700 | 1 |
_aΠαπαδημητρίου, Χρίστος Χ., _d1949- _97670 |
|
| 942 | _cBK | ||
| 999 |
_c6800 _d6800 |
||